Natural Resources Conservation Law/ (Record no. 190475)

MARC details
000 -LEADER
fixed length control field 00563nam a22001817a 4500
005 - DATE AND TIME OF LATEST TRANSACTION
control field 20220726150012.0
010 ## - LCCN (DPL NO)
LC control number ENG-133947
020 ## - INTERNATIONAL STANDARD BOOK NUMBER
Terms of availability 1100.00
International Standard Book Number 978-81-321-0508-4
035 ## - SYSTEM CONTROL NUMBER
System control number EN-117479
037 ## - SOURCE OF ACQUISITION
Source of stock number/acquisition DBAD/PUB
082 ## - DEWEY DECIMAL CLASSIFICATION NUMBER
Classification number 344.54046
100 ## - MAIN ENTRY--PERSONAL NAME
Personal name Bhat, Sairam
245 ## - TITLE STATEMENT
Title Natural Resources Conservation Law/
Statement of responsibility, etc Sairam Bhat
260 ## - PUBLICATION, DISTRIBUTION, ETC. (IMPRINT)
Place of publication, distribution, etc New Delhi
Name of publisher, distributor, etc Sage Publications
Date of publication, distribution, etc 2010
270 ## - ADDRESS
Address BI/I-1 Mohan Cooperative Industrial Area, Mathura Road
City New Delhi
Postal code 110044
300 ## - PHYSICAL DESCRIPTION
Extent 554p.
Dimensions 22cm(hbk)
942 ## - ADDED ENTRY ELEMENTS (KOHA)
Source of classification or shelving scheme Dewey Decimal Classification
Item type English Books
Classification part 344.54046
Call number suffix BHA
Holdings
Withdrawn status Lost status Not for loan Collection code Home library Current library Date acquired Source of acquisition Cost, normal purchase price Full call number Barcode Copy number Cost, replacement price Koha item type
      Non-fiction Bawana Bawana 26/07/2022 DBAD/PUB 1100.00 344.54046 BHA EN-117479 1 1100.00 English Books

© Delhi Public Library
Hit Counter
free hit counter